Syntax of programming languages : theory and practice /

Guardado en:
Autor Principal: Backhouse, Roland C., 1948-
Formato: Libro
Idioma:English
Publicado: Englewood Cliffs, N.J. : Prentice/Hall International, c1979.
Series:Prentice-Hall International series in computer science
Materias:
Etiquetas: Agregar Etiqueta
Sin Etiquetas, Sea el primero en etiquetar este registro!
LEADER 00771pam a2200205 a 4500
001 MAT.inmabb002686
008 780928s1979####njua#####b####001#0#eng##
005 20160602170538.0
245 1 0 |a Syntax of programming languages :  |b theory and practice /  |c Roland C. Backhouse. 
260 |a Englewood Cliffs, N.J. :  |b Prentice/Hall International,  |c c1979. 
300 |a xv, 301 p. :  |b il. ;  |c 24 cm. 
440 0 |a Prentice-Hall International series in computer science 
504 |a Incluye referencias bibliográficas e índice. 
510 4 |a MR,  |c 81h:68061 
020 |a 0138799997 
100 1 |a Backhouse, Roland C.,  |d 1948- 
650 0 |a Programming languages (Electronic computers)  |x Syntax. 
010 |a  78022098  
040 |a DLC  |c DLC  |d DLC 
859 |h 68  |i B126  |p A-5121  |b BIB. MATEMATICA